[Event "Quebec-ch qual 1"]
[Site "Montreal"]
[Date "1987.02.20"]
[Round "1"]
[White "Brule, Raymond"]
[Black "Zalys, Ignas"]
[Result "0-1"]
[WhiteElo "1650"]
[BlackElo "1920"]
[PlyCount "48"]
[EventDate "1987.02.20"]
[EventType "swiss"]
[EventRounds "5"]
[EventCountry "CAN"]
[SourceTitle "EXT 2022"]
[Source "ChessBase"]
[SourceDate "2021.10.06"]
[SourceVersion "1"]
[SourceVersionDate "2021.10.06"]
[SourceQuality "1"]

1. e4 c5 2. Nf3 e6 3. d4 cxd4 4. Nxd4 Nf6 5. Nc3 d6 6. Bc4 a6 7. Bb3 Nbd7 8. 0-0 Nc5 9. Bg5 Be7 10. Bxf6 Bxf6 11. a4 Nxb3 12. cxb3 0-0 13. Rc1 Qb6 14. Nce2 Bd7 15. Kh1 Rac8 16. Qd2 d5 17. exd5 exd5 18. Rc3 Qa5 19. Qd3 b5 20. Qg3 Rxc3 21. bxc3 bxa4 22. Ra1 Qb6 23. Nf4 Bxd4 24. cxd4 Qxd4 0-1